000 00288nam a2200121Ia 4500
008 190216s9999||||xx |||||||||||||| ||und||
100 _aJohn L Kelley-Paul R.Halmos
245 0 _aLinear Algebra
260 _bEast-West Press
_c1967
300 _a281
650 _aMathematics
942 _cBK
999 _c30424
_d30424